书目信息 |
| 题名: |
不确定的年代
|
|
| 作者: | 何帆 著 | |
| 分册: | ||
| 出版信息: | 上海 上海财经大学出版社 2003.8 |
|
| 页数: | 340页 | |
| 开本: | 21cm | |
| 丛书名: | 《转型中的中国》丛书 | |
| 单 册: | ||
| 中图分类: | F12-53 | |
| 科图分类: | ||
| 主题词: | 经济--中国--文集 | |
| 电子资源: | ||
| ISBN: | 7-81049-979-3 | |
| 000 | 00759nam2 2200253 45 | |
| 001 | 012004000000 | |
| 005 | 20041101105241.98 | |
| 010 | @a7-81049-979-3@dCNY 26.00 | |
| 100 | @a20040914d2003 em y0chiy0121 ea | |
| 101 | 0 | @achi |
| 102 | @aCN@b310000 | |
| 105 | @ay z 000yy | |
| 200 | 1 | @a不确定的年代@Abu que ding de niang dai@dAge of uncer-tainty@f何帆著@zeng |
| 210 | @a上海@c上海财经大学出版社@d2003.8 | |
| 215 | @a340页@d21cm | |
| 225 | 2 | @a《转型中的中国》丛书@i京城四剑客书系 |
| 410 | 0 | @12001 @a《转型中的中国》丛书 |
| 410 | 0 | @12001 @a京城四剑客书系 |
| 510 | 1 | @aAge of uncer-tainty@zeng |
| 606 | 0 | @a经济@y中国@j文集 |
| 690 | @aF12-53@v4 | |
| 701 | 0 | @a何帆@Ahe fan@4著 |
| 801 | 0 | @aCN@bQSSKxf@c20041101 |
| 905 | @a10447@dF12-53@eH175 | |
| 不确定的年代=Age of uncer-tainty/何帆著.-上海:上海财经大学出版社,2003.8 |
| 340页;21cm.-(《转型中的中国》丛书.京城四剑客书系) |
| ISBN 7-81049-979-3:CNY 26.00 |
| ● |
| 相关链接 |
|
|
|
正题名:不确定的年代
索取号:F12-53/H175
 
预约/预借
| 序号 | 登录号 | 条形码 | 馆藏地/架位号 | 状态 | 备注 |
| 1 | 424370 | 204243700 | 社科库409/409社科库 67排4列1层/ [索取号:F12-53/H175] | 在馆 | |
| 2 | 424371 | 204243719 | 社科库409/409社科库 67排4列1层/ [索取号:F12-53/H175] | 在馆 | |
| 3 | 424372 | 204243728 | 社科二线422/422社科库 44排1列4层/ [索取号:F12-53/H175] | 在馆 |